[Event "Club 608 Online 1 - Open C (-1200)"]
[Date "2021.04.10"]
[Round "3.13"]
[White "Lecat Tabet, Nathan"]
[Black "Dergham, Leo"]
[Result "0-1"]
[BlackElo "1009"]
[WhiteElo "1009"]

1. d3 {[%clk 0:50:10.0]} e5 {[%clk 0:49:59.8]} 2. e3 {[%clk 0:50:14.7]} Nf6 {[%clk 0:50:03.3]} 3. d4 {[%clk 0:50:20.0]} exd4 {[%clk 0:50:08.5]} 4. Bc4 {[%clk 0:50:24.3]} d5 {[%clk 0:50:13.9]} 5. Bb3 {[%clk 0:50:30.7]} dxe3 {[%clk 0:50:19.7]} 6. fxe3 {[%clk 0:50:37.7]} Be6 {[%clk 0:50:18.8]} 7. Qf3 {[%clk 0:50:38.6]} c6 {[%clk 0:50:23.6]} 8. Ne2 {[%clk 0:50:45.9]} Bg4 {[%clk 0:50:29.0]} 9. Qf2 {[%clk 0:50:50.2]} Ne4 {[%clk 0:50:33.7]} 10. Qg1 {[%clk 0:50:49.7]} Bb4+ {[%clk 0:50:18.0]} 11. Kd1 {[%clk 0:50:56.2]} Bxe2+ {[%clk 0:50:22.4]} 12. Kxe2 {[%clk 0:51:01.0]} 0-0 {[%clk 0:50:28.6]} 13. Kf1 {[%clk 0:51:05.3]} Nd2+ {[%clk 0:50:33.8]} 14. Bxd2 {[%clk 0:51:11.5]} Bxd2 {[%clk 0:50:38.7]} 15. Nxd2 {[%clk 0:51:18.4]} d4 {[%clk 0:50:34.8]} 16. exd4 {[%clk 0:51:26.5]} c5 {[%clk 0:50:41.5]} 17. dxc5 {[%clk 0:51:33.7]} Qxd2 {[%clk 0:50:48.5]} 18. c6 {[%clk 0:51:19.6]} bxc6 {[%clk 0:50:55.1]} 19. c4 {[%clk 0:51:25.0]} Qxb2 {[%clk 0:51:01.2]} 20. Ba4 {[%clk 0:51:27.3]} Qf6+ {[%clk 0:51:00.5]} 21. Ke1 {[%clk 0:51:31.5]} Re8+ {[%clk 0:51:07.7]} 22. Kd1 {[%clk 0:51:36.2]} Qd6+ {[%clk 0:51:15.6]} 23. Kc1 {[%clk 0:51:42.9]} Qh6+ {[%clk 0:51:22.1]} 24. Kb1 {[%clk 0:51:45.0]} Qf6 {[%clk 0:51:28.1]} 25. Bxc6 {[%clk 0:51:48.3]} Qxc6 {[%clk 0:51:31.7]} 26. Qe1 {[%clk 0:51:47.0]} Rxe1+ {[%clk 0:51:37.7]} 27. Rxe1 {[%clk 0:51:48.7]} h5 {[%clk 0:51:45.4]} 28. Re8+ {[%clk 0:51:53.8]} Qxe8 {[%clk 0:51:51.4]} 29. Kb2 {[%clk 0:51:59.0]} Qe2+ {[%clk 0:51:54.4]} 30. Kb3 {[%clk 0:52:05.9]} Qxg2 {[%clk 0:52:00.7]} 31. Re1 {[%clk 0:52:11.8]} Qxh2 {[%clk 0:51:57.3]} 32. c5 {[%clk 0:52:18.8]} g5 {[%clk 0:52:03.5]} 33. c6 {[%clk 0:52:23.4]} Qg3+ {[%clk 0:52:10.0]} 34. Kc4 {[%clk 0:52:30.0]} Qxe1 {[%clk 0:52:17.5]} 35. c7 {[%clk 0:52:34.6]} Na6 {[%clk 0:52:17.3]} 36. a4 {[%clk 0:52:35.8]} h4 {[%clk 0:52:22.9]} 37. c8=R+ {[%clk 0:52:38.3]} Rxc8+ {[%clk 0:52:29.4]} 38. Kb5 {[%clk 0:52:44.5]} g4 {[%clk 0:52:36.9]} 39. Kxa6 {[%clk 0:52:52.7]} g3 {[%clk 0:52:44.9]} 40. Kxa7 {[%clk 0:53:01.1]} h3 {[%clk 0:52:48.8]} 41. Kb7 {[%clk 0:53:07.5]} g2 {[%clk 0:52:56.2]} 42. Kxc8 {[%clk 0:53:14.6]} h2 {[%clk 0:53:03.7]} 43. a5 {[%clk 0:53:20.5]} h1=Q {[%clk 0:53:09.9]} 44. a6 {[%clk 0:53:28.7]} g1=Q {[%clk 0:53:16.0]} 45. a7 {[%clk 0:53:36.8]} Qef1 {[%clk 0:53:22.0]} 46. a8=Q {[%clk 0:53:41.8]} Qxa8+ {[%clk 0:53:28.5]} 47. Kd7 {[%clk 0:53:49.4]} Qd1+ {[%clk 0:53:36.6]} 48. Ke7 {[%clk 0:53:56.0]} Qaa7+ {[%clk 0:53:44.6]} 49. Kf6 {[%clk 0:54:04.4]} Qgf1+ {[%clk 0:53:51.8]} 50. Kg5 {[%clk 0:54:12.4]} Qfg1+ {[%clk 0:53:58.8]} 51. Kf4 {[%clk 0:54:19.5]} Qaa4+ {[%clk 0:54:06.5]} 52. Kf5 {[%clk 0:54:23.0]} Qb1+ {[%clk 0:54:14.6]} 53. Kf6 {[%clk 0:54:23.3]} Qc6+ {[%clk 0:54:21.2]} 54. Ke5 {[%clk 0:54:28.0]} Qbg6 {[%clk 0:54:24.4]} 55. Kf4 {[%clk 0:54:30.4]} Q6g4+ {[%clk 0:54:30.9]} 56. Ke5 {[%clk 0:54:16.1]} Qce6# {[%clk 0:54:37.3]} 0-1

[Event "Club 608 Online 1 - Open B (-1600)"]
[Date "2021.04.10"]
[Round "3.14"]
[White "Jouandet, Alfons"]
[Black "Poirier, Luc"]
[Result "0-1"]
[BlackElo "1549"]
[WhiteElo "1199"]

1. e4 {[%clk 0:50:10.0]} d6 {[%clk 0:50:08.2]} 2. d4 {[%clk 0:49:38.5]} Nf6 {[%clk 0:50:11.8]} 3. Nc3 {[%clk 0:49:23.5]} g6 {[%clk 0:50:10.7]} 4. Bd3 {[%clk 0:49:08.7]} Bg7 {[%clk 0:50:15.6]} 5. Nf3 {[%clk 0:48:43.2]} 0-0 {[%clk 0:50:19.4]} 6. 0-0 {[%clk 0:48:18.6]} Nbd7 {[%clk 0:50:11.3]} 7. h3 {[%clk 0:47:57.1]} e5 {[%clk 0:50:12.4]} 8. d5 {[%clk 0:47:47.2]} a6 {[%clk 0:49:43.6]} 9. Ng5 {[%clk 0:47:39.2]} h6 {[%clk 0:49:24.1]} 10. Nf3 {[%clk 0:47:35.5]} b5 {[%clk 0:49:25.0]} 11. Re1 {[%clk 0:46:47.4]} Nc5 {[%clk 0:45:51.8]} 12. Be3 {[%clk 0:46:07.8]} Nxd3 {[%clk 0:45:43.0]} 13. Qxd3 {[%clk 0:46:03.2]} Bd7 {[%clk 0:45:48.7]} 14. Rad1 {[%clk 0:45:46.8]} b4 {[%clk 0:45:54.2]} 15. Ne2 {[%clk 0:45:25.4]} Bb5 {[%clk 0:45:51.9]} 16. Qd2 {[%clk 0:45:19.7]} a5 {[%clk 0:45:57.1]} 17. Bxh6 {[%clk 0:45:10.2]} Nxe4 {[%clk 0:46:02.8]} 18. Qc1 {[%clk 0:45:04.3]} Kh7 {[%clk 0:46:05.1]} 19. Bxg7 {[%clk 0:44:53.9]} Kxg7 {[%clk 0:46:12.4]} 20. Rd4 {[%clk 0:44:40.2]} Nf6 {[%clk 0:46:03.5]} 21. Rh4 {[%clk 0:44:35.4]} Rh8 {[%clk 0:46:10.0]} 22. Rh7+ {[%clk 0:44:12.8]} Rxh7 {[%clk 0:46:12.9]} 23. c3 {[%clk 0:43:55.2]} Nxd5 {[%clk 0:46:16.4]} 24. c4 {[%clk 0:43:54.8]} e4 {[%clk 0:45:47.3]} 25. Ng5 {[%clk 0:43:56.1]} Rh5 {[%clk 0:45:48.5]} 26. Nxe4 {[%clk 0:43:52.7]} Nf6 {[%clk 0:45:33.4]} 27. Nxf6 {[%clk 0:43:53.1]} Qxf6 {[%clk 0:45:38.8]} 28. cxb5 {[%clk 0:43:56.0]} Rxb5 {[%clk 0:45:43.8]} 29. Qxc7 {[%clk 0:43:59.5]} Rc5 {[%clk 0:45:48.0]} 30. Qb7 {[%clk 0:43:43.2]} Rac8 {[%clk 0:45:38.0]} 31. Ng3 {[%clk 0:43:31.2]} Rc1 {[%clk 0:45:38.9]} 32. Rxc1 {[%clk 0:43:28.3]} Rxc1+ {[%clk 0:45:41.8]} 33. Kh2 {[%clk 0:43:31.2]} Qxf2 {[%clk 0:45:45.8]} 34. Ne4 {[%clk 0:43:27.6]} Qf4+ {[%clk 0:45:42.3]} 35. Ng3 {[%clk 0:43:28.8]} Rc2 {[%clk 0:45:41.5]} 36. Qb6 {[%clk 0:43:15.4]} Qf2 {[%clk 0:45:16.2]} 37. Qxf2 {[%clk 0:43:12.5]} Rxf2 {[%clk 0:45:23.5]} 38. Ne4 {[%clk 0:43:15.5]} Rxb2 {[%clk 0:45:28.0]} 39. Nxd6 {[%clk 0:43:22.1]} Rxa2 {[%clk 0:45:35.0]} 40. Kg3 {[%clk 0:43:22.8]} a4 {[%clk 0:45:39.0]} 41. Nb5 {[%clk 0:43:27.5]} Rc2 {[%clk 0:45:42.3]} 42. Kg4 {[%clk 0:43:30.3]} Rc5 {[%clk 0:45:49.1]} 43. Nd4 {[%clk 0:43:33.4]} Rc4 {[%clk 0:45:56.8]} {White Resigned} 0-1

[Event "Club 608 Online 1 - Open B (-1600)"]
[Date "2021.04.10"]
[Round "3.15"]
[White "Robert, Six"]
[Black "Leclercq, Robin"]
[Result "1-0"]
[BlackElo "1392"]
[WhiteElo "1187"]

1. e4 {[%clk 0:50:10.0]} Nf6 {[%clk 0:50:07.6]} 2. Nc3 {[%clk 0:50:15.9]} d5 {[%clk 0:50:15.5]} 3. exd5 {[%clk 0:50:15.4]} Nxd5 {[%clk 0:50:23.4]} 4. d4 {[%clk 0:50:16.8]} Nxc3 {[%clk 0:50:29.7]} 5. bxc3 {[%clk 0:50:24.4]} Nc6 {[%clk 0:50:36.3]} 6. Bc4 {[%clk 0:50:29.7]} Bf5 {[%clk 0:50:40.8]} 7. Nf3 {[%clk 0:50:27.2]} e6 {[%clk 0:50:44.4]} 8. h3 {[%clk 0:50:25.1]} Bd6 {[%clk 0:50:24.0]} 9. 0-0 {[%clk 0:50:27.4]} 0-0 {[%clk 0:50:31.7]} 10. Be3 {[%clk 0:50:16.8]} Qf6 {[%clk 0:50:33.5]} 11. Bg5 {[%clk 0:49:59.9]} Qg6 {[%clk 0:50:36.1]} 12. Qd2 {[%clk 0:49:52.5]} h6 {[%clk 0:50:34.4]} 13. Bf4 {[%clk 0:48:56.0]} Bxf4 {[%clk 0:46:35.0]} 14. Qxf4 {[%clk 0:48:39.3]} Bxh3 {[%clk 0:46:02.0]} 15. Nh4 {[%clk 0:48:14.2]} Qg5 {[%clk 0:44:33.5]} 16. Qxg5 {[%clk 0:47:48.6]} hxg5 {[%clk 0:44:37.9]} 17. gxh3 {[%clk 0:47:49.7]} gxh4 {[%clk 0:44:45.5]} 18. Bb5 {[%clk 0:47:27.5]} Ne7 {[%clk 0:44:47.3]} 19. Bd3 {[%clk 0:47:13.2]} Nd5 {[%clk 0:44:50.5]} 20. c4 {[%clk 0:47:12.0]} Nf4 {[%clk 0:44:47.8]} 21. Kh2 {[%clk 0:47:09.8]} Rad8 {[%clk 0:44:50.7]} 22. Rad1 {[%clk 0:46:40.4]} Rxd4 {[%clk 0:44:54.6]} 23. Bh7+ {[%clk 0:46:33.9]} Kxh7 {[%clk 0:44:51.6]} 24. Rxd4 {[%clk 0:46:39.1]} Ne2 {[%clk 0:44:49.6]} 25. Rxh4+ {[%clk 0:46:37.7]} Kg6 {[%clk 0:44:37.8]} 26. Re1 {[%clk 0:46:12.9]} Nc3 {[%clk 0:44:40.1]} 27. Rg1+ {[%clk 0:45:57.9]} Kf6 {[%clk 0:44:37.1]} 28. Rf4+ {[%clk 0:45:44.8]} Ke5 {[%clk 0:44:44.0]} 29. Rf3 {[%clk 0:45:39.3]} Nxa2 {[%clk 0:44:31.9]} 30. Rb3 {[%clk 0:45:06.9]} Kd4 {[%clk 0:44:24.8]} 31. Rg4+ {[%clk 0:44:35.0]} Kc5 {[%clk 0:44:19.7]} 32. Rb5+ {[%clk 0:44:05.0]} Kc6 {[%clk 0:44:24.6]} 33. Rb2 {[%clk 0:43:40.9]} Nc3 {[%clk 0:44:23.0]} 34. Rxg7 {[%clk 0:43:40.4]} Ne4 {[%clk 0:44:19.7]} 35. Kg2 {[%clk 0:43:30.6]} Nf6 {[%clk 0:44:14.6]} 36. Rb3 {[%clk 0:43:06.1]} Nh5 {[%clk 0:43:59.9]} 37. Rg5 {[%clk 0:42:41.3]} Nf4+ {[%clk 0:44:05.6]} 38. Kf3 {[%clk 0:42:10.6]} Ng6 {[%clk 0:43:47.2]} 39. Kg3 {[%clk 0:41:50.5]} Ne7 {[%clk 0:43:31.1]} 40. Rf3 {[%clk 0:41:22.9]} Nf5+ {[%clk 0:43:02.9]} 41. Kg4 {[%clk 0:41:02.3]} Nd4 {[%clk 0:34:51.2]} 42. Rf6 {[%clk 0:40:01.7]} Nxc2 {[%clk 0:33:56.9]} 43. Rg7 {[%clk 0:39:55.6]} Nd4 {[%clk 0:33:46.8]} 44. Rfxf7 {[%clk 0:39:46.8]} Rh8 {[%clk 0:33:42.4]} 45. Rxc7+ {[%clk 0:39:42.6]} Kb6 {[%clk 0:33:38.0]} 46. Rxb7+ {[%clk 0:39:45.1]} Kc5 {[%clk 0:33:46.1]} 47. Rgc7+ {[%clk 0:39:35.2]} Nc6 {[%clk 0:33:53.8]} 48. Rxa7 {[%clk 0:39:14.4]} Kd6 {[%clk 0:33:57.1]} 49. Rd7+ {[%clk 0:39:10.9]} Ke5 {[%clk 0:33:59.0]} 50. Rac7 {[%clk 0:38:46.0]} Nd4 {[%clk 0:33:51.2]} 51. Rc5+ {[%clk 0:38:09.2]} Kf6 {[%clk 0:33:55.5]} 52. Rxd4 {[%clk 0:38:12.1]} Rg8+ {[%clk 0:33:31.5]} 53. Kf3 {[%clk 0:38:05.2]} e5 {[%clk 0:33:37.4]} 54. Re4 {[%clk 0:38:07.2]} Rf8 {[%clk 0:33:40.9]} 55. Rexe5 {[%clk 0:37:55.7]} Kg6+ {[%clk 0:33:48.1]} 56. Ke3 {[%clk 0:38:02.9]} {Black Resigned} 1-0

[Event "Club 608 Online 1 - Open B (-1600)"]
[Date "2021.04.10"]
[Round "3.16"]
[White "Migus, Ethan"]
[Black "Butnaru, Dana"]
[Result "0-1"]
[BlackCountry "FRA"]
[BlackElo "1373"]
[BlackFideId "45136122"]
[WhiteElo "1102"]
[WhiteFideId "551047954"]

1. d4 {[%clk 0:50:10.0]} Nf6 {[%clk 0:49:14.2]} 2. Nf3 {[%clk 0:50:09.8]} e6 {[%clk 0:49:04.9]} 3. g3 {[%clk 0:50:15.5]} d5 {[%clk 0:49:09.0]} 4. Bg2 {[%clk 0:50:11.3]} c5 {[%clk 0:49:12.4]} 5. 0-0 {[%clk 0:50:11.4]} Nc6 {[%clk 0:49:16.7]} 6. c4 {[%clk 0:50:08.0]} dxc4 {[%clk 0:49:10.2]} 7. dxc5 {[%clk 0:49:55.6]} Qxd1 {[%clk 0:49:10.7]} 8. Rxd1 {[%clk 0:50:01.7]} Bxc5 {[%clk 0:49:11.9]} 9. Nc3 {[%clk 0:48:35.5]} 0-0 {[%clk 0:48:54.2]} 10. e4 {[%clk 0:45:44.2]} Ng4 {[%clk 0:45:49.3]} 11. Rf1 {[%clk 0:38:52.4]} Nge5 {[%clk 0:43:15.4]} 12. Nxe5 {[%clk 0:38:06.2]} Nxe5 {[%clk 0:43:20.5]} 13. Bf4 {[%clk 0:38:07.8]} Nd3 {[%clk 0:43:09.0]} 14. Na4 {[%clk 0:37:37.3]} Bd4 {[%clk 0:37:41.6]} 15. Rad1 {[%clk 0:36:00.9]} Nxf4 {[%clk 0:31:45.8]} 16. gxf4 {[%clk 0:36:03.2]} Bf6 {[%clk 0:30:35.5]} 17. e5 {[%clk 0:33:25.9]} Be7 {[%clk 0:30:29.5]} 18. Rd4 {[%clk 0:31:10.7]} Rb8 {[%clk 0:29:38.6]} 19. Rfd1 {[%clk 0:27:05.8]} b5 {[%clk 0:26:59.6]} 20. Nc3 {[%clk 0:26:59.1]} f6 {[%clk 0:26:19.8]} 21. a3 {[%clk 0:26:08.6]} Bc5 {[%clk 0:24:32.9]} 22. Rd8 {[%clk 0:25:30.3]} Ba6 {[%clk 0:22:45.5]} 23. Rxb8 {[%clk 0:25:03.1]} Rxb8 {[%clk 0:22:49.0]} 24. Ne4 {[%clk 0:24:52.1] White offered a draw.} Be7 {[%clk 0:19:27.6]} 25. Rd7 {[%clk 0:24:49.7]} Bd8 {[%clk 0:17:29.7]} 26. Rd6 {[%clk 0:23:49.9]} Bb7 {[%clk 0:15:04.1]} 27. Rxe6 {[%clk 0:23:43.2]} Bxe4 {[%clk 0:11:44.8]} 28. Bxe4 {[%clk 0:23:44.4]} Kf7 {[%clk 0:05:52.9]} 29. Bd5 {[%clk 0:23:37.4]} Kg6 {[%clk 0:05:20.4]} 30. exf6 {[%clk 0:22:52.8]} Bxf6 {[%clk 0:05:06.0]} 31. Re2 {[%clk 0:22:52.5] White offered a draw.} Kf5 {[%clk 0:04:32.1]} 32. Be4+ {[%clk 0:22:26.6]} Kxf4 {[%clk 0:04:24.9]} 33. Bxh7 {[%clk 0:22:31.6] White offered a draw.} Kg5 {[%clk 0:04:01.6]} 34. Be4 {[%clk 0:22:31.0]} Re8 {[%clk 0:03:54.2]} 35. f3 {[%clk 0:22:16.3] White offered a draw.} Kf4 {[%clk 0:03:32.6]} 36. Rc2 {[%clk 0:21:36.6]} Bd4+ {[%clk 0:03:08.4]} 37. Kf1 {[%clk 0:21:27.6]} Rh8 {[%clk 0:03:04.0]} 38. Kg2 {[%clk 0:21:21.3]} Be5 {[%clk 0:02:48.0]} 39. Kg1 {[%clk 0:21:16.9]} Ke3 {[%clk 0:02:32.1]} 40. Kh1 {[%clk 0:21:09.8] White offered a draw.} Rd8 {[%clk 0:02:17.6]} 41. Rc1 {[%clk 0:20:50.7]} Bxb2 {[%clk 0:02:13.8]} 42. Re1+ {[%clk 0:20:55.3]} Kf4 {[%clk 0:02:16.4]} 43. Bc6 {[%clk 0:20:54.5]} c3 {[%clk 0:01:56.7]} 44. Be4 {[%clk 0:20:55.6]} Bxa3 {[%clk 0:01:51.6]} 45. Rb1 {[%clk 0:20:51.3]} b4 {[%clk 0:01:52.0]} 46. Kg1 {[%clk 0:20:44.7]} Rd2 {[%clk 0:01:48.9]} 47. h3 {[%clk 0:20:41.1]} c2 {[%clk 0:01:53.4]} 48. Bxc2 {[%clk 0:20:43.8]} Rxc2 {[%clk 0:02:00.5]} 49. Rb3 {[%clk 0:20:52.3]} Rc3 {[%clk 0:02:05.8]} 50. Rb1 {[%clk 0:20:54.2]} b3 {[%clk 0:02:02.7]} 51. Kf1 {[%clk 0:21:01.5]} b2 {[%clk 0:02:07.1]} 52. Ke2 {[%clk 0:21:05.2]} Rc1 {[%clk 0:02:10.4]} 53. Rxb2 {[%clk 0:21:13.3]} Bxb2 {[%clk 0:02:17.7]} 54. Kf2 {[%clk 0:21:22.1]} Rc3 {[%clk 0:02:24.8]} 55. Kg2 {[%clk 0:21:29.9]} Rxf3 {[%clk 0:02:32.2]} 56. h4 {[%clk 0:21:38.4]} Ra3 {[%clk 0:02:36.3]} 57. h5 {[%clk 0:21:46.4]} Kg4 {[%clk 0:02:43.2]} 58. h6 {[%clk 0:21:55.0]} gxh6 {[%clk 0:02:49.0]} 59. Kf2 {[%clk 0:22:03.0]} Bd4+ {[%clk 0:02:56.6]} 60. Ke2 {[%clk 0:22:11.5]} Bh8 {[%clk 0:02:59.9]} 61. Kd2 {[%clk 0:22:19.7]} Kf4 {[%clk 0:03:07.7]} 62. Ke2 {[%clk 0:22:25.4]} Ke4 {[%clk 0:03:09.1]} 63. Kf2 {[%clk 0:22:22.2]} Rb3 {[%clk 0:03:15.4]} 64. Kg2 {[%clk 0:22:28.0]} Kf4 {[%clk 0:03:23.0]} 65. Kh2 {[%clk 0:22:32.7]} Kg4 {[%clk 0:03:31.3]} 66. Kg2 {[%clk 0:22:39.8]} Rb2+ {[%clk 0:03:39.8]} 67. Kf1 {[%clk 0:22:48.5]} Kf3 {[%clk 0:03:47.4]} 68. Ke1 {[%clk 0:22:57.1]} Rh2 {[%clk 0:03:54.4]} 69. Kd1 {[%clk 0:23:05.3]} Ke3 {[%clk 0:04:02.8]} 70. Kc1 {[%clk 0:23:13.0]} Kd3 {[%clk 0:04:11.3]} 71. Kb1 {[%clk 0:23:21.6]} Kc3 {[%clk 0:04:19.8]} 72. Ka1 {[%clk 0:23:29.1]} Kb3+ {[%clk 0:04:28.2]} 73. Kb1 {[%clk 0:23:37.1]} Rh1# {[%clk 0:04:36.4]} 0-1

[Event "Club 608 Online 1 - Open B (-1600)"]
[Date "2021.04.10"]
[Round "3.17"]
[White "Guillaume, Gérard"]
[Black "Nicot, Valentin"]
[Result "0-1"]
[BlackElo "1041"]
[Termination "time forfeit"]
[WhiteElo "1335"]

{Clock started by White.} 1. d4 {[%clk 0:50:05.0]} Nf6 {[%clk 0:50:02.6]} 2. Nf3 {[%clk 0:50:00.4]} d5 {[%clk 0:49:53.1]} 3. c4 {[%clk 0:50:03.5]} e6 {[%clk 0:49:48.2]} 4. Nc3 {[%clk 0:50:04.0]} Be7 {[%clk 0:49:31.7]} 5. cxd5 {[%clk 0:49:39.0]} exd5 {[%clk 0:49:33.4]} 6. e3 {[%clk 0:49:14.8]} 0-0 {[%clk 0:48:50.9]} 7. Bd3 {[%clk 0:49:15.0]} b6 {[%clk 0:48:12.9]} 8. Qc2 {[%clk 0:49:00.5]} Bb7 {[%clk 0:47:44.5]} 9. Ng5 {[%clk 0:48:27.3]} h6 {[%clk 0:47:07.3]} 10. Nh7 {[%clk 0:47:03.4]} Nxh7 {[%clk 0:45:35.8]} 11. Bxh7+ {[%clk 0:47:03.7]} Kh8 {[%clk 0:45:39.5]} 12. Bd3 {[%clk 0:46:58.7]} Nd7 {[%clk 0:44:58.7]} 13. 0-0 {[%clk 0:46:43.9]} c5 {[%clk 0:44:09.4]} 14. b3 {[%clk 0:45:57.0]} Rc8 {[%clk 0:43:11.4]} 15. Bb2 {[%clk 0:44:37.1]} a6 {[%clk 0:42:20.3]} 16. a4 {[%clk 0:44:15.0]} Bf6 {[%clk 0:41:27.3]} 17. Qe2 {[%clk 0:39:43.3]} cxd4 {[%clk 0:35:53.8]} 18. Nd1 {[%clk 0:36:28.8]} dxe3 {[%clk 0:34:20.3]} 19. fxe3 {[%clk 0:36:14.4]} Bxb2 {[%clk 0:30:17.7]} 20. Nxb2 {[%clk 0:35:55.2]} Nc5 {[%clk 0:29:18.9]} 21. b4 {[%clk 0:31:24.4]} Nxd3 {[%clk 0:27:35.0]} 22. Nxd3 {[%clk 0:31:04.0]} Qe7 {[%clk 0:27:04.2]} 23. Rac1 {[%clk 0:25:33.1]} Rce8 {[%clk 0:22:07.5]} 24. Rce1 {[%clk 0:21:51.8]} d4 {[%clk 0:20:02.1]} 25. Nf4 {[%clk 0:20:26.5]} dxe3 {[%clk 0:18:28.7]} 26. Qb2 {[%clk 0:18:38.0]} Qg5 {[%clk 0:16:23.3]} 27. Re2 {[%clk 0:16:39.7]} a5 {[%clk 0:15:27.3]} 28. b5 {[%clk 0:15:36.9]} Re4 {[%clk 0:14:04.6]} 29. Qb3 {[%clk 0:13:04.2]} Rxf4 {[%clk 0:13:42.0]} 30. Rxf4 {[%clk 0:11:08.8]} Qxf4 {[%clk 0:13:43.3]} 31. Qxe3 {[%clk 0:10:24.5]} Qxe3+ {[%clk 0:13:22.9]} 32. Rxe3 {[%clk 0:10:29.4]} Rc8 {[%clk 0:13:16.5]} 33. Re7 {[%clk 0:09:32.8]} Bd5 {[%clk 0:13:06.7]} 34. Rd7 {[%clk 0:09:13.0]} Rc1+ {[%clk 0:12:59.0]} 35. Kf2 {[%clk 0:09:08.3]} Rc2+ {[%clk 0:12:54.7]} 36. Ke3 {[%clk 0:09:13.3]} Bb3 {[%clk 0:12:45.2]} 37. Rb7 {[%clk 0:07:06.8]} Rxg2 {[%clk 0:12:39.6]} 38. Rxb6 {[%clk 0:06:47.8]} Bxa4 {[%clk 0:12:44.0]} 39. Rb8+ {[%clk 0:06:40.8]} Kh7 {[%clk 0:12:47.5]} 40. b6 {[%clk 0:06:14.2]} Rb2 {[%clk 0:12:52.9]} 41. h4 {[%clk 0:06:10.9]} Kg6 {[%clk 0:12:54.1]} 42. Ra8 {[%clk 0:05:07.1]} Rxb6 {[%clk 0:12:59.5]} 43. h5+ {[%clk 0:05:04.7]} Kxh5 {[%clk 0:12:52.0]} 44. Rxa5+ {[%clk 0:05:03.6]} Bb5 {[%clk 0:13:00.7]} 45. Kd4 {[%clk 0:04:47.8]} Kg4 {[%clk 0:13:02.9]} 46. Kc5 {[%clk 0:04:48.3]} Rb8 {[%clk 0:13:11.2]} 47. Kd4 {[%clk 0:03:52.3]} h5 {[%clk 0:13:11.5]} 48. Ra7 {[%clk 0:03:21.6]} Rf8 {[%clk 0:13:10.2]} 49. Re7 {[%clk 0:03:10.4]} g5 {[%clk 0:13:03.3]} 50. Re4+ {[%clk 0:02:47.8]} Kh3 {[%clk 0:13:07.1]} 51. Re3+ {[%clk 0:02:18.3]} Kh4 {[%clk 0:13:13.8]} 52. Re4+ {[%clk 0:02:02.6]} g4 {[%clk 0:13:21.1]} 53. Kc5 {[%clk 0:01:32.3]} f5 {[%clk 0:13:24.8]} 54. Re1 {[%clk 0:01:03.4]} Bd3 {[%clk 0:13:14.3]} 55. Rh1+ {[%clk 0:00:46.2]} Kg5 {[%clk 0:13:18.1]} 56. Kd4 {[%clk 0:00:42.4]} Be4 {[%clk 0:13:24.8]} 57. Rf1 {[%clk 0:00:13.0]} h4 {[%clk 0:13:31.9]} {White Loss on Time} 0-1

[Event "Club 608 Online 1 - Open B (-1600)"]
[Date "2021.04.10"]
[Round "3.19"]
[White "Tu, Mathias"]
[Black "Nouni, Rayane"]
[Result "1-0"]
[BlackElo "1151"]
[WhiteElo "1051"]

{Clock started by White.} 1. e4 {[%clk 0:50:07.5]} c5 {[%clk 0:50:06.9]} 2. Nf3 {[%clk 0:50:13.5]} Nc6 {[%clk 0:50:10.3]} 3. d4 {[%clk 0:50:18.6]} cxd4 {[%clk 0:50:15.8]} 4. Nxd4 {[%clk 0:50:24.8]} Nf6 {[%clk 0:50:21.4]} 5. Nc3 {[%clk 0:50:32.0]} d6 {[%clk 0:50:27.4]} 6. Be3 {[%clk 0:50:38.8]} e6 {[%clk 0:50:31.3]} 7. f3 {[%clk 0:50:39.0]} a6 {[%clk 0:50:38.6]} 8. Qd2 {[%clk 0:50:44.5]} Qc7 {[%clk 0:50:38.6]} 9. Bc4 {[%clk 0:50:32.0]} Be7 {[%clk 0:50:38.7]} 10. 0-0-0 {[%clk 0:49:20.6]} Nxd4 {[%clk 0:50:27.9]} 11. Qxd4 {[%clk 0:49:13.0]} e5 {[%clk 0:50:29.7]} 12. Qd3 {[%clk 0:49:10.7]} 0-0 {[%clk 0:50:30.1]} 13. f4 {[%clk 0:49:06.3]} b5 {[%clk 0:50:09.9]} 14. Bd5 {[%clk 0:48:55.6]} Nxd5 {[%clk 0:50:15.7]} 15. Nxd5 {[%clk 0:48:58.2]} Qd8 {[%clk 0:50:07.5]} 16. Nxe7+ {[%clk 0:47:54.7]} Qxe7 {[%clk 0:50:13.5]} 17. Qxd6 {[%clk 0:47:33.9]} Qxd6 {[%clk 0:49:29.1]} 18. Rxd6 {[%clk 0:47:36.2]} exf4 {[%clk 0:49:21.3]} 19. Bxf4 {[%clk 0:47:41.2]} Be6 {[%clk 0:49:18.5]} 20. b3 {[%clk 0:47:41.2]} a5 {[%clk 0:48:47.0]} 21. Rb6 {[%clk 0:47:23.6]} a4 {[%clk 0:48:35.0]} 22. Kb2 {[%clk 0:46:57.2]} axb3 {[%clk 0:48:05.1]} 23. axb3 {[%clk 0:46:56.0]} Bd7 {[%clk 0:48:01.0]} 24. Rd1 {[%clk 0:46:48.3]} Ra7 {[%clk 0:47:45.8]} 25. Be3 {[%clk 0:46:18.1]} Rc7 {[%clk 0:46:32.7]} 26. Rbd6 {[%clk 0:45:17.1]} Be8 {[%clk 0:45:41.7]} 27. R6d5 {[%clk 0:44:50.0]} h6 {[%clk 0:44:43.2]} 28. Bc5 {[%clk 0:44:49.9]} Bc6 {[%clk 0:44:19.3]} 29. Bxf8 {[%clk 0:44:42.1]} Bxd5 {[%clk 0:44:23.8]} 30. Bd6 {[%clk 0:44:45.3]} Rd7 {[%clk 0:43:59.0]} 31. Rxd5 {[%clk 0:44:50.2]} f6 {[%clk 0:44:02.2]} 32. Bb4 {[%clk 0:44:36.8]} Rxd5 {[%clk 0:43:16.3]} 33. exd5 {[%clk 0:44:42.5]} Kf7 {[%clk 0:43:23.5]} 34. c4 {[%clk 0:44:49.6]} bxc4 {[%clk 0:43:29.4]} 35. bxc4 {[%clk 0:44:57.5]} Ke8 {[%clk 0:43:36.8]} 36. Kc3 {[%clk 0:45:02.7]} g5 {[%clk 0:43:41.0]} 37. Kd4 {[%clk 0:45:08.6]} h5 {[%clk 0:43:41.9]} 38. Ke4 {[%clk 0:45:13.5]} Kf7 {[%clk 0:41:35.2]} 39. Kf5 {[%clk 0:45:11.7]} h4 {[%clk 0:41:19.0]} 40. d6 {[%clk 0:45:16.4] Black offered a draw.} g4 {[%clk 0:40:32.1]} 41. d7 {[%clk 0:45:12.1]} g3 {[%clk 0:40:24.3]} 42. d8=Q {[%clk 0:44:50.5]} Kg7 {[%clk 0:40:30.2]} 43. Qxf6+ {[%clk 0:44:55.7]} Kh7 {[%clk 0:40:24.5]} 44. Qg6+ {[%clk 0:45:01.8]} Kh8 {[%clk 0:40:28.9]} 45. Bc3# {[%clk 0:45:07.7]} 1-0